000 00519nam a2200193Ia 4500
003 OSt
005 20250526101610.0
008 210210b1981 xxu||||| |||| 00| 0 eng d
040 _cAL
041 _aKannada
082 _aK894.3 CHAU
100 _aCHAITANYA
_dಚೈತನ್ಯ
_9210947
245 _aUnnata Sarasvati
_bಉನ್ನತ ಸರಸ್ವತಿ
260 _aMaisuru
_bShri Prashanta Prakashana
_c1981
300 _aiv,104
690 _aKannada Fiction
_9210948
906 _a035522
942 _2ddc
_cBK
999 _c85967
_d85967